000 00750cab a2200229 4500
001 WB3325-14
008 090401t1997 xxu||||| |||| 00| 0 eng d
035 _a(Sirsi) u79179
041 _aeng
245 _aDesigner outlets popular
260 _c1997
350 _a0
490 _aSunday Business
_v22 June 1997, 5(1)
520 _aColliers` Midsummer Retail Report shows that the factory outlet market is set to double in size over the next five years.
650 _aCOLLIERS ERDMAN LEWIS
650 _aFACTORY OUTLET CENTRES
650 _aFACTORY OUTLETS
650 _aPROPERTY-COMMERCIAL PROPERTY-RETAIL PROPERTY-RETAIL PROPERTY MARKET
690 _aPROPERTY-COMMERCIAL PROPERTY-RETAIL PROPERTY
942 _n0
948 _c24/06/1997
999 _c49774
_d49774